| 000 | 00379cam a2200157ua 4500 | ||
|---|---|---|---|
| 003 | OSt | ||
| 008 | 240326b |||||||| |||| 00| 0 eng d | ||
| 041 | _aeng | ||
| 082 |
_a370.194 _bOLS/SC |
||
| 100 |
_aOlsen, Edward G . _96184 |
||
| 245 | _aSchool and community / | ||
| 250 | _a2 / | ||
| 260 |
_aNew Jersey : _bPrentice Hall Inc , _c1961. |
||
| 300 | _a534 ; . | ||
| 942 | _cBK | ||
| 999 |
_c12159 _d12159 |
||